[Event "Leiden LCT op-A 7th"]
[Site "Leiden"]
[Date "2013.07.20"]
[Round "8"]
[White "Braggaar, Pim"]
[Black "Weiland, Harro"]
[Result "1-0"]
[WhiteElo "1987"]
[BlackElo "1935"]
[PlyCount "55"]
[EventDate "2013.07.12"]
[EventType "swiss"]
[EventRounds "9"]
[EventCountry "NED"]
[SourceTitle "CBM 155 Extra"]
[Source "ChessBase"]
[SourceDate "2013.08.26"]
[SourceVersion "1"]
[SourceVersionDate "2013.08.26"]
[SourceQuality "1"]

1. e4 c5 2. Nc3 d6 3. Nf3 Nf6 4. Bb5+ Bd7 5. a4 g6 6. 0-0 Bg7 7. d3 0-0 8. Bc4 Nc6 9. Bd2 e5 10. Nd5 Be6 11. Bg5 Bxd5 12. Bxd5 Qc7 13. Bxc6 Qxc6 14. Bxf6 Bxf6 15. c4 b6 16. Ne1 a6 17. Nc2 b5 18. Ne3 Rfb8 19. axb5 axb5 20. b3 Rxa1 21. Qxa1 Qb7 22. g3 Ra8 23. Qd1 b4 24. Nd5 Bg7 25. Qg4 Ra3 26. Rb1 h5 27. Qg5 Kh8 28. Qd8+ 1-0

[Event "Leiden LCT op-A 6th"]
[Site "Leiden"]
[Date "2012.07.09"]
[Round "4"]
[White "Weiland, Harro"]
[Black "Koenig, Dirk"]
[Result "0-1"]
[WhiteElo "1948"]
[BlackElo "2065"]
[PlyCount "56"]
[EventDate "2012.07.06"]
[EventType "swiss"]
[EventRounds "9"]
[EventCountry "NED"]
[SourceTitle "CBM 149 Extra"]
[Source "ChessBase"]
[SourceDate "2012.08.24"]
[SourceVersion "1"]
[SourceVersionDate "2012.08.24"]
[SourceQuality "1"]

1. d4 d6 2. e4 Nf6 3. Nc3 g6 4. Be3 Bg7 5. h3 0-0 6. Nf3 c5 7. dxc5 Qa5 8. Nd2 dxc5 9. Nc4 Qc7 10. Bd3 Nbd7 11. 0-0 b6 12. a4 Bb7 13. a5 Rfd8 14. Qe2 Bc6 15. Nd2 Nf8 16. Nb5 Qd7 17. axb6 axb6 18. Rfd1 Ne6 19. Ra3 Rxa3 20. Nxa3 Nxe4 21. Nac4 Nxd2 22. Rxd2 Qb7 23. Qf1 Ra8 24. c3 b5 25. Na3 c4 26. Be2 Bxc3 27. bxc3 Rxa3 28. Bh6 Qa8 0-1

[Event "Leiden SB-ch"]
[Site "Leiden"]
[Date "2011.06.01"]
[Round "3"]
[White "Weiland, Harro"]
[Black "Van den Berg, Ad"]
[Result "0-1"]
[WhiteElo "1865"]
[BlackElo "2245"]
[PlyCount "54"]
[EventDate "2011.05.17"]
[EventType "swiss"]
[EventRounds "7"]
[EventCountry "NED"]
[SourceTitle "EXT 2012"]
[Source "ChessBase"]
[SourceDate "2011.11.24"]
[SourceVersion "1"]
[SourceVersionDate "2011.11.24"]
[SourceQuality "1"]

1. e4 e5 2. Nf3 d6 3. d4 f5 4. Nc3 Nf6 5. dxe5 Nxe4 6. Bd2 d5 7. Bd3 Bc5 8. 0-0 0-0 9. Qe2 Be6 10. Nb5 Nc6 11. c3 Bf7 12. Nbd4 Bxd4 13. Nxd4 Nxe5 14. f4 Nxd3 15. Qxd3 c6 16. Be3 Qc8 17. Nf3 c5 18. Ne5 Be6 19. Rfd1 Rd8 20. a4 b6 21. a5 d4 22. axb6 axb6 23. Rxa8 Qxa8 24. cxd4 Qa4 25. d5 Rxd5 26. Qxd5 Bxd5 27. Rxd5 Qa1+ 0-1

[Event "Leiden SB-ch"]
[Site "Leiden"]
[Date "2011.05.17"]
[Round "1"]
[White "Heemskerk, Wim"]
[Black "Weiland, Harro"]
[Result "1-0"]
[WhiteElo "2285"]
[BlackElo "1865"]
[PlyCount "59"]
[EventDate "2011.05.17"]
[EventType "swiss"]
[EventRounds "7"]
[EventCountry "NED"]
[SourceTitle "EXT 2012"]
[Source "ChessBase"]
[SourceDate "2011.11.24"]
[SourceVersion "1"]
[SourceVersionDate "2011.11.24"]
[SourceQuality "1"]

1. Nf3 c5 2. c4 Nf6 3. g3 g6 4. Bg2 Bg7 5. d4 cxd4 6. Nxd4 0-0 7. 0-0 d5 8. cxd5 Nxd5 9. Nb3 Nb4 10. Nc3 N8c6 11. Bd2 Bg4 12. a3 Nd3 13. h3 Nxb2 14. Qc2 Be6 15. Nc5 Nc4 16. Bf4 Qa5 17. Nxe6 fxe6 18. Rac1 Nd4 19. Qa2 Rac8 20. Bxb7 Nxa3 21. Bxc8 Rxc8 22. Ne4 Rxc1 23. Rxc1 Qd5 24. Rc8+ Kf7 25. Ng5+ Kf6 26. Qxa3 Nxe2+ 27. Kh2 Nxf4 28. gxf4 Qd4 29. Qc3 Kf5 30. Rc5+ 1-0

[Event "Leiden SB-ch"]
[Site "Leiden"]
[Date "2010.06.08"]
[Round "4"]
[White "Zwinkels, Wim"]
[Black "Weiland, Harro"]
[Result "0-1"]
[WhiteElo "1851"]
[BlackElo "1934"]
[PlyCount "81"]
[EventDate "2010.05.18"]
[EventType "swiss"]
[EventRounds "7"]
[EventCountry "NED"]
[SourceTitle "EXT 2012"]
[Source "ChessBase"]
[SourceDate "2011.11.24"]
[SourceVersion "1"]
[SourceVersionDate "2011.11.24"]
[SourceQuality "1"]

1. Nc3 e5 2. Nf3 Nc6 3. d4 exd4 4. Nxd4 Bc5 5. Nf5 g6 6. Be3 Bf8 7. Nd4 Bg7 8. g3 Nf6 9. h3 0-0 10. Bg2 Re8 11. 0-0 Ne5 12. b3 d5 13. Bf4 c6 14. Qd2 Nh5 15. Bh6 f5 16. Bxg7 Kxg7 17. Nf3 Nf7 18. e3 Nd6 19. Rad1 Qf6 20. Qd4 Bd7 21. Ne2 Qxd4 22. Rxd4 Nf6 23. c4 c5 24. Rd3 Nde4 25. cxd5 Bb5 26. Rfd1 Bxd3 27. Rxd3 Rad8 28. Nf4 g5 29. Ne2 Rxd5 30. Rxd5 Nxd5 31. h4 h6 32. hxg5 hxg5 33. Kf1 Nb4 34. a3 Nd3 35. a4 Rd8 36. g4 fxg4 37. Nh2 Ndxf2 38. Bxe4 Nxe4 39. Nxg4 Rd1+ 40. Kg2 Rb1 41. Kf3 0-1

[Event "Leiden SB-ch"]
[Site "Leiden"]
[Date "2010.06.01"]
[Round "3"]
[White "Weiland, Harro"]
[Black "Geertsma, Folkert Jan"]
[Result "1/2-1/2"]
[WhiteElo "1934"]
[BlackElo "1964"]
[PlyCount "51"]
[EventDate "2010.05.18"]
[EventType "swiss"]
[EventRounds "7"]
[EventCountry "NED"]
[SourceTitle "EXT 2012"]
[Source "ChessBase"]
[SourceDate "2011.11.24"]
[SourceVersion "1"]
[SourceVersionDate "2011.11.24"]
[SourceQuality "1"]

1. e4 d5 2. exd5 Qxd5 3. Nf3 Bg4 4. Be2 e6 5. d4 Bb4+ 6. c3 Be7 7. c4 Qd8 8. Nc3 Nf6 9. 0-0 0-0 10. h3 Bh5 11. a3 Nbd7 12. Ne5 Bxe2 13. Qxe2 c6 14. Bf4 Re8 15. b4 a6 16. Rfd1 Nf8 17. Qf3 Ng6 18. Nxg6 hxg6 19. d5 exd5 20. cxd5 cxd5 21. Nxd5 Nxd5 22. Rxd5 Qb6 23. Rc1 Qf6 24. Qg3 Rac8 25. Re1 Qc6 26. Qd3 1/2-1/2

[Event "Leiden SB-ch"]
[Site "Leiden"]
[Date "2009.06.23"]
[Round "6"]
[White "Van der Maat, Niek"]
[Black "Weiland, Harro"]
[Result "1/2-1/2"]
[WhiteElo "1946"]
[BlackElo "1944"]
[PlyCount "23"]
[EventDate "2009.05.19"]
[EventType "swiss"]
[EventRounds "7"]
[EventCountry "NED"]
[SourceTitle "EXT 2012"]
[Source "ChessBase"]
[SourceDate "2011.11.24"]
[SourceVersion "1"]
[SourceVersionDate "2011.11.24"]
[SourceQuality "1"]

1. d4 d5 2. Nf3 c6 3. e3 Nf6 4. Bd3 Nbd7 5. b3 e6 6. Bb2 Bd6 7. Nbd2 0-0 8. Ne5 c5 9. 0-0 cxd4 10. exd4 Qc7 11. f4 g6 12. g4 1/2-1/2

[Event "Leiden SB-ch"]
[Site "Leiden"]
[Date "2009.06.02"]
[Round "3"]
[White "Weiland, Harro"]
[Black "De Groot, Marco"]
[Result "1/2-1/2"]
[WhiteElo "1944"]
[BlackElo "2082"]
[PlyCount "55"]
[EventDate "2009.05.19"]
[EventType "swiss"]
[EventRounds "7"]
[EventCountry "NED"]
[SourceTitle "EXT 2012"]
[Source "ChessBase"]
[SourceDate "2011.11.24"]
[SourceVersion "1"]
[SourceVersionDate "2011.11.24"]
[SourceQuality "1"]

1. d4 Nf6 2. c4 c5 3. d5 b5 4. f3 e6 5. e4 bxc4 6. Na3 exd5 7. exd5 d6 8. Bxc4 Nfd7 9. Ne2 Ne5 10. 0-0 Nxc4 11. Nxc4 Be7 12. Bf4 0-0 13. Qd2 Ba6 14. Rac1 Re8 15. Rfe1 Bxc4 16. Rxc4 Nd7 17. Nc3 Rb8 18. Re2 f5 19. Nd1 g5 20. Bxg5 Ne5 21. Bxe7 Qxe7 22. Rc2 Rb4 23. Ne3 Qg5 24. Kf1 Rh4 25. Nc4 Qxd2 26. Nxd2 Rb8 27. Nb1 Rxh2 28. Kg1 1/2-1/2

[Event "Leiden SB-ch"]
[Site "Leiden"]
[Date "2006.06.20"]
[Round "6"]
[White "Serdijn Koster, Adinda"]
[Black "Weiland, Harro"]
[Result "1-0"]
[WhiteElo "1976"]
[BlackElo "1864"]
[PlyCount "55"]
[EventDate "2006.05.16"]
[EventType "swiss"]
[EventRounds "7"]
[EventCountry "NED"]
[SourceTitle "EXT 2012"]
[Source "ChessBase"]
[SourceDate "2011.11.24"]
[SourceVersion "1"]
[SourceVersionDate "2011.11.24"]
[SourceQuality "1"]

1. e4 c5 2. c3 d5 3. exd5 Nf6 4. d4 cxd4 5. cxd4 Nxd5 6. Nc3 e6 7. Nf3 Bb4 8. Bd2 0-0 9. Bd3 Nf6 10. 0-0 Nc6 11. Bg5 Be7 12. Rc1 h6 13. Bh4 Nb4 14. Bb1 b6 15. a3 Nbd5 16. Nxd5 Nxd5 17. Qd3 f5 18. Bxe7 Nxe7 19. Rfe1 Rf6 20. Ba2 Qd6 21. Qc4 Nd5 22. Qc6 Qxc6 23. Rxc6 Kf7 24. Bxd5 exd5 25. Rc7+ Kf8 26. Ree7 Ba6 27. Ne5 Bb5 28. Rxg7 1-0

[Event "Leiden SB-ch"]
[Site "Leiden"]
[Date "2006.06.13"]
[Round "5"]
[White "Weiland, Harro"]
[Black "Oei, Hway Ik"]
[Result "1/2-1/2"]
[WhiteElo "1864"]
[BlackElo "2095"]
[PlyCount "35"]
[EventDate "2006.05.16"]
[EventType "swiss"]
[EventRounds "7"]
[EventCountry "NED"]
[SourceTitle "EXT 2012"]
[Source "ChessBase"]
[SourceDate "2011.11.24"]
[SourceVersion "1"]
[SourceVersionDate "2011.11.24"]
[SourceQuality "1"]

1. e4 c5 2. Nf3 Nc6 3. d4 cxd4 4. Nxd4 g6 5. c4 Nf6 6. Nc3 Nxd4 7. Qxd4 d6 8. Be2 Bg7 9. Be3 0-0 10. Qd2 Be6 11. f3 Qa5 12. Nd5 Qxd2+ 13. Kxd2 Nxd5 14. cxd5 Bd7 15. g4 Rfc8 16. Rab1 Kf8 17. Rhc1 a6 18. Bd3 1/2-1/2

[Event "Leiden SB-ch"]
[Site "Leiden"]
[Date "2006.06.06"]
[Round "4"]
[White "Van Vliet, Jeffrey"]
[Black "Weiland, Harro"]
[Result "1/2-1/2"]
[WhiteElo "2295"]
[BlackElo "1864"]
[PlyCount "85"]
[EventDate "2006.05.16"]
[EventType "swiss"]
[EventRounds "7"]
[EventCountry "NED"]
[SourceTitle "EXT 2012"]
[Source "ChessBase"]
[SourceDate "2011.11.24"]
[SourceVersion "1"]
[SourceVersionDate "2011.11.24"]
[SourceQuality "1"]

1. e4 d5 2. exd5 Qxd5 3. Nc3 Qa5 4. d4 Nf6 5. Bc4 Bg4 6. f3 Bf5 7. Nge2 e6 8. Be3 Nbd7 9. Qd2 c6 10. g4 Bg6 11. Nf4 0-0-0 12. Nxg6 hxg6 13. Ne4 Qxd2+ 14. Nxd2 Bd6 15. h3 Nd5 16. Bf2 N7b6 17. Bf1 Bf4 18. c3 Ne3 19. Ke2 Nxf1 20. Raxf1 e5 21. Ne4 f5 22. Nc5 Rhe8 23. Kd3 exd4 24. cxd4 Nd7 25. Nxd7 Rxd7 26. Re1 Rde7 27. Rxe7 Rxe7 28. Rg1 Kd7 29. d5 a6 30. dxc6+ Kxc6 31. gxf5 gxf5 32. Rg6+ Kd5 33. b4 Be5 34. Be3 Rc7 35. Bd2 Bf6 36. Rg1 Rc4 37. Rh1 b5 38. Re1 Rd4+ 39. Kc2 Rc4+ 40. Kd3 Rd4+ 41. Ke2 Rh4 42. Rc1 Rc4 43. Kd3 1/2-1/2